header

Finding community (Record no. 160583)

MARC details
000 -LEADER
fixed length control field 01345nam a2200313 a 4500
100 1# - MAIN ENTRY--AUTHOR NAME
Personal name Christian, Diana Leafe.
245 10 - TITLE STATEMENT
Title Finding community
260 ## - PUBLICATION, DISTRIBUTION, ETC. (IMPRINT)
Place of publication Gabriola Island, B.C. :
Name of publisher New Society Publishers,
Year of publication 2007.
300 ## - PHYSICAL DESCRIPTION
Number of Pages xix, 243 p. :
Other physical details ill. ;
500 ## - GENERAL NOTE
General note Includes index.
505 0# - FORMATTED CONTENTS NOTE
Formatted contents note section 1. Communities : an overview -- section 2. Researching -- section 3. Visiting -- section 4. Joining.
650 #0 - SUBJECT ADDED ENTRY--TOPICAL TERM
Topical Term Collective settlements.
Topical Term Community life
Topical Term Alternative lifestyles.
856 40 - ELECTRONIC LOCATION AND ACCESS
Uniform Resource Identifier http://site.ebrary.com/lib/rucke/Doc?id=10308916

No items available.

© 2026 Rongo University
Contact us: librarian | system librarian | Rongo university